000 00632 a2200181 4500
999 _c183384
_d183384
005 20211224100750.0
010 _aENG-130574
020 _a978-93-5460-002-9
_c890.00
035 _aEN-114106
037 _bDBAD/PUB
082 _a954
_b1
100 _aDahiya, Poonam Dalal
245 _aModern India:
_bFor Civil Services and other Competitive Examinations:
_cPoonam Dalal Dahiya
260 _aChennai
_bMcGraw Hill Education(india) Private Limited
_c2022
270 _aAnjana Complex No.5 /90 A, Butt Road, St. Thomas Mount
_bChennai
_e600016
300 _a536p.
_c24cm (pbk)
942 _adpl
_cEN
_2ddc
_h954
_mDAH